000 00598nam a2200241 a 4500
001 nice12345678
003 IN_TiNIC
005 20260116011323.0
008 050524s1967 hyda grp 000 0 urd
020 _a
_c100
082 0 0 _a297.1
_bNAD
100 _aNadwi Shah Moinuddin, Ahmad
245 _aDeen-E-Rahmat
260 _aHyderabad
_bDairatul Maarif
_c1967
300 _a322p.
500 _aincludes index and biblioraphy
505 2 _aIndex to the notes
650 _aIslam-Meccan Trade
700 1 _aNadwi Shah Moinuddin, Ahmad
902 _bSRS
942 _cBK
999 _c490
_d490